|
|
|
|
| LEADER |
00000nab a2200000 a 4500 |
| 001 |
vtls000515381 |
| 003 |
SK-MaSNL |
| 005 |
20260304212740.0 |
| 008 |
220422c1994 xo 0 slo |
| 015 |
|
|
|a SNBRB19rr/mm-uuuuu
|
| 035 |
|
|
|a CL0515519
|
| 040 |
|
|
|a SNKBUCL
|b slo
|c SNKBUCL
|e AACR2
|
| 041 |
0 |
|
|a slo
|
| 044 |
|
|
|a xo
|c SK
|
| 080 |
|
|
|a 631.524(437.6):633:378.663(437.6)
|2 1981
|
| 080 |
|
|
|a 633
|2 1981
|
| 080 |
|
|
|a 378.663(437.6)
|2 1981
|
| 080 |
|
|
|a 581.15
|2 1981
|
| 080 |
|
|
|a 575
|2 1981
|
| 100 |
1 |
|
|a Brindza, Jan,
|d 1949-
|4 aut
|9 190637
|
| 245 |
1 |
0 |
|a Zachráňme dedičstvo našich otcov
|c Ján Brindza
|
| 610 |
2 |
7 |
|a Vysoká škola poľnohospodárska v Nitre
|2 snkbucl
|9 165743
|
| 650 |
0 |
7 |
|a rastliny
|2 snkbucl
|9 690
|
| 650 |
0 |
7 |
|a genofondy
|2 snkbucl
|9 1660
|
| 651 |
|
7 |
|a 5206
|2 snkbucl
|9 283253
|
| 655 |
|
7 |
|a články z novín a časopisov
|2 snkbucl
|9 267496
|
| 773 |
0 |
|
|t Záhradníctvo
|g Roč. 19, č. 4 (1994), s. 132-133
|x 0139-9470
|
| 850 |
|
|
|a Slovenská národná knižnica v Martine
|a MTA001
|
| 852 |
|
|
|a SNK
|b KIS3GCP
|
| 958 |
|
|
|a RK
|
| 958 |
|
|
|a ME
|
| 992 |
|
|
|a RBX
|
| 999 |
|
|
|c 3132839
|d 3134769
|